书目信息 |
| 题名: |
原子结构与化学元素周期系
|
|
| 作者: | 刘少炽 编著 | |
| 分册: | ||
| 出版信息: | 西安 陕西科学技术出版社 1986 |
|
| 页数: | 163页 | |
| 开本: | 19cm | |
| 丛书名: | ||
| 单 册: | ||
| 中图分类: | O6-64 , O562.1 | |
| 科图分类: | ||
| 主题词: | 原子结构 , 化学元素周期表 | |
| 电子资源: | ||
| ISBN: | ||
| 000 | 00651nam0 2200241 45 | |
| 001 | 0186010175 | |
| 005 | 20060731170603.92 | |
| 010 | @dCNY1.35 | |
| 100 | @a19900818d1986 em y0chiy0121 ea | |
| 101 | 0 | @achi |
| 102 | @aCN@b610000 | |
| 105 | @ay z 000yy | |
| 200 | 10 | @a原子结构与化学元素周期系@Ayuan zi jie gou yu hua xue yuan su zhou qi xi@f刘少炽编著 |
| 210 | @a西安@c陕西科学技术出版社@d1986 | |
| 215 | @a163页@d19cm | |
| 606 | @a原子结构 | |
| 606 | @a化学元素周期表 | |
| 690 | @aO6-64@v3 | |
| 690 | @aO562.1@v3 | |
| 701 | 0 | @a刘少炽@Aliu shao chi@4编著 |
| 801 | 2 | @aCN@bNLC@c20060731 |
| 801 | 0 | @aCN@bTSSF |
| 905 | @a10447@dO6-64@e332 | |
| 原子结构与化学元素周期系/刘少炽编著.-西安:陕西科学技术出版社,1986 |
| 163页;19cm |
| ISBN :CNY1.35 |
| ● |
| 相关链接 |
|
|
|
|
正题名:原子结构与化学元素周期系
索取号:O6-64/332
 
预约/预借
| 序号 | 登录号 | 条形码 | 馆藏地/架位号 | 状态 | 备注 |
| 1 | 0434096 | 204340962 | 密集书库/ [索取号:O6-64/332] | 在馆 | |
| 2 | 0434097 | 204340971 | 密集书库/ [索取号:O6-64/332] | 在馆 |